00661nam a2200217Ia 4500003000900000008004100009040001300050040001300063041000800076100002000084245005000104250001100154260001600165260000900181300001100190300001200201490000600213942000700219999001700226952020000243IT-RoPAU120407s9999 xx 000 0 und d aIT-RoPAU cIT-RoPAU aita aAlbert Einstein aRelatività. Esposizione divulgativa. 2a ed. aTorino aBoringhieri c1964 a192 p. c20,5 cm v1 cBK c28016d28016 00102ddc406L_M_515_00000000000000071aPAULUSbPAULUSd2012-04-11l0oL M.515r2012-04-11 00:00:00w2012-04-11yBKzInserito da: Jole In data: 22 luglio 2011 fondo: Via A.Severo 56 Progr:30811